000 00591nab a2200169 a 4500
005 20210223131212.0
008 991125s1985 mx 000 0 spa u
035 _aUPN01000174349
100 1 _aMedrano, Leonardo Adrián
_941436
222 _aREVISTA DE PSICOLOGIA GENERAL Y APLICADA
245 _aAutoeficacia social en ingresantes universitarios : su relación con el rendimiento y la deserción académica
260 _aSantiago de Compostela, España
653 0 _aAUTOEFICACIA SOCIAL
653 0 _aESTUDIANTE UNIVERSITARIO
653 0 _aRENDIMIENTO ACADEMICO
905 _aArticulo
999 _c146453
_d146453